000 00503nam a2200181 i 4500
001 140748
003 ES-MaACL
007 t|
008 070917s1954 sp ||||1| spa d
100 1 _aWells, George.
_9116457
245 1 3 _aEl color al aire libre /
_cGeorge Wells.
260 _aBarcelona :
_bOmega,
_c[1954]
300 _a51 p., 2 lám. col. :
_bil. ;
_c17 cm.
490 1 _aFoto biblioteca
830 0 _aFoto biblioteca
_9181378
852 _aES-MaACL
_jC-8556
_bR.36636
999 _c140748
_d140748